Evaluación microeconómica de los programas de fomento del empleo indefinido a partir de datos de los servicios públicos de empleo y de la muestra continua de vidas laborales (Registro nro. 4017)

Detalles MARC
000 -LEADER
fixed length control field 01291 a2200253 4500
001 - CONTROL NUMBER
control field 45835
005 - DATE AND TIME OF LATEST TRANSACTION
control field 20260407155730.0
008 - FIXED-LENGTH DATA ELEMENTS--GENERAL INFORMATION
fixed length control field 260407a2011 arg spa d
003 - CONTROL NUMBER IDENTIFIER
control field AR-UNSa-BCEJYS
040 ## - CATALOGING SOURCE
Original cataloging agency AR-UNSa-BCEJYS
Language of cataloging spa
Transcribing agency AR-UNSa-BCEJYS
080 ## - UNIVERSAL DECIMAL CLASSIFICATION NUMBER
Universal Decimal Classification number 331.5(460)
Common auxiliary subdivision Mercado de Trabajo. Empleo en España
020 ## - INTERNATIONAL STANDARD BOOK NUMBER
International Standard Book Number 978-84-8417-384-7
041 ## - LANGUAGE CODE
Language code of text/sound track or separate title spa
100 1# - MAIN ENTRY--PERSONAL NAME
Personal name Moreno, Gloria
245 10 - TITLE STATEMENT
Title Evaluación microeconómica de los programas de fomento del empleo indefinido a partir de datos de los servicios públicos de empleo y de la muestra continua de vidas laborales
264 #1 - PRODUCTION, PUBLICATION, DISTRIBUTION, MANUFACTURE, AND COPYRIGHT NOTICE
Place of production, publication, distribution, manufacture Madrid :
Name of producer, publisher, distributor, manufacturer Ministerio de Trabajo e Inmigración
Date of production, publication, distribution, manufacture, or copyright notice 2011
300 ## - PHYSICAL DESCRIPTION
Extent 203 p.
Dimensions 22 cm.
505 ## - FORMATTED CONTENTS NOTE
Formatted contents note 1. Introducción: los programas de fomento del empleo indefinido – 2. Los datos de contratos: características – 3. El enlace de la muestra continúa de vidas laborales con el registro de contratos: características de los episodios de empleo indefinido – 4. Análisis de la estabilidad de los contratos indefinidos – 5. Resumen y conclusiones.
590 ## - LOCAL NOTE (RLIN)
Local note niveau_biblio:m niveau_hierar:0
700 1# - ADDED ENTRY--PERSONAL NAME
Personal name Cebrián, Inmaculada
700 1# - ADDED ENTRY--PERSONAL NAME
Personal name Toharia, Luis
856 41 - ELECTRONIC LOCATION AND ACCESS
Uniform Resource Identifier <a href="https://www.biblioeco.unsa.edu.ar/pmb/images/libros/L127200.jpg">https://www.biblioeco.unsa.edu.ar/pmb/images/libros/L127200.jpg</a>
Link text Imagen de portada
Electronic format type image/jpeg
942 ## - ADDED ENTRY ELEMENTS (KOHA)
Koha item type
Existencias
Withdrawn status Lost status Damaged status Not for loan Home library Current library Shelving location Date acquired Total checkouts Full call number Barcode Date last seen Price effective from Koha item type
        Biblioteca Prof. Eusebio Cleto del Rey Biblioteca Prof. Eusebio Cleto del Rey   07/04/2026   331.5(460) C387 L127200 07/04/2026 07/04/2026 Libro